Égalité : Histoire d'une idée insaisissable (notice n° 1707104)
[ vue normale ]
| 000 -LEADER | |
|---|---|
| fixed length control field | 01656cam a2200145 4500500 |
| 005 - DATE AND TIME OF LATEST TRANSACTION | |
| control field | 20260322000535.0 |
| 041 ## - LANGUAGE CODE | |
| Language code of text/sound track or separate title | fre |
| 042 ## - AUTHENTICATION CODE | |
| Authentication code | dc |
| 100 10 - MAIN ENTRY--PERSONAL NAME | |
| Personal name | McMahon, Darrin M. |
| Relator term | author |
| 245 00 - TITLE STATEMENT | |
| Title | Égalité : Histoire d'une idée insaisissable |
| 260 ## - PUBLICATION, DISTRIBUTION, ETC. | |
| Name of publisher, distributor, etc. | Flammarion,<br/> |
| Date of publication, distribution, etc. | 2025.<br/> |
| 520 ## - SUMMARY, ETC. | |
| Summary, etc. | La critique des inégalités est un des horizons de notre époque. Mais comment la mener sans s’accorder sur ce que désigne l’égalité elle-même ? Relève-t-elle du droit naturel, de l’utopie sociale ou d’un combat politique toujours inachevé ? Et surtout, derrière ce mot si simple, si puissant, si évocateur, comment comprendre les multiples sens que l’égalité peut revêtir ? Dans ce livre magistral et ambitieux, Darrin M. McMahon retrace l’histoire longue de l’idée d’égalité, des citoyens athéniens aux militants noirs des droits civils, de la guerre des paysans au XVIe siècle aux combats féministes du XXe siècle, en passant par la Révolution française et les utopies socialistes. L’égalité, loin d’être une idée simple, révèle de surprenantes et inquiétantes ambiguïtés : elle implique souvent une part d’inégalité, de hiérarchie et même d’exclusion. Telle est la leçon de ce voyage passionnant à travers les siècles, qui n’hésite pas à remonter aux origines de l’humanité : l’égalité, cette aspiration éternelle des êtres humains, est aussi une notion insaisissable, profondément historique, qui doit toujours être réinventée. |
| 700 10 - ADDED ENTRY--PERSONAL NAME | |
| Personal name | Jacquet, Christophe |
| Relator term | author |
| 856 41 - ELECTRONIC LOCATION AND ACCESS | |
| Uniform Resource Identifier | <a href="https://shs.cairn.info/egalite--9782080459640?lang=fr&redirect-ssocas=7080">https://shs.cairn.info/egalite--9782080459640?lang=fr&redirect-ssocas=7080</a> |
Pas d'exemplaire disponible.




Réseaux sociaux